00551nam a2200193Ia 4500003000400000005001700004008004100021020001500062040001800077041000800095082002100103100002000124245006500144250001600209260004900225300002500274650002800299650003000327OSt20220119191453.0210716s9999 xx 000 0 und d a0226458040 cAIMIT LIBRARY aeng a001.42 22bKUHT aKuhn, Thomas S. aThe structure of scientific revolutions.cby Thomas S. Kuhn. a2nd. ed . - aLondon:bUniversity of Chicago Press,c1969. axii,210p. ; 22.5 cm. aScientific Revolutions. aCrisis and the Emergence.